Lembaran Sejarah GEMILANG Hubungan Empayar MELAKA-DINASTI MING Abad ke-15

Bibliographic Details
Main Author: Liang Liji (Author)
Format: Book
Published: Bangi, Selangor Penerbit Universiti Kebangsaan Malaysia
Subjects:
LEADER 01185cam a2200301 i 4500
001 0000150555
005 20251218090000.0
008 251218t1996 my a e may
020 |a 9789679423352  |q paperback  |c RM25.00 
040 |a RMC  |b eng  |c RMC  |e rda 
090 0 0 |a 959.5  |b LIA 
100 1 |a Liang Liji  |e author 
245 1 0 |a Lembaran Sejarah GEMILANG  |b Hubungan Empayar MELAKA-DINASTI MING Abad ke-15  |c Liang Liji 
264 0 |a ♭1996 
264 1 |a Bangi, Selangor  |b Penerbit Universiti Kebangsaan Malaysia 
300 |a 146pages  |c 23cm 
336 |a text  |2 rdacontent 
337 |a unmediated  |2 rdamedia 
338 |a volume  |2 rdacarrier 
500 |a included index 
504 |a included bibliography page 139 
650 1 0 |a Malacca(kingdom)  |x History 
650 0 |a China  |x History 
650 0 |a China History  |x  Ming dynasty,1368-1644 
852 1 |a RMC 
999 |a 0000022916  |b Royal Military College  |d BOOKS  |e Umum  |f Royal Military College  |j AVAILABLE  |q GOOD CONDITION 
999 |a 0000023994  |b Royal Military College  |d BOOKS  |e Umum  |f Royal Military College  |j AVAILABLE  |q GOOD CONDITION 
999 |a 0000024473  |b Royal Military College  |d BOOKS  |e Umum  |f Royal Military College  |j AVAILABLE  |q GOOD CONDITION